Въведение в банковото право (Запис номер 29025)
[ съкратено ]
| 000 -Лидер | |
|---|---|
| Контролно поле с фиксирана дължина | 01279nam a2200289 c 4500 |
| 003 - Код на организацията, давaща контролен номер | |
| Контролно поле | BLK |
| 005 - Дата и час на последна редакция | |
| Контролно поле | 20180420220253.0 |
| 008 - Елементи от данни с фиксирана дължина | |
| fixed length control field | 180407b bul|||||r ||||||| ||bul|| |
| 010 ## - Наследен системен номер | |
| LC control number | KNG00031634000 |
| 040 ## - Източник на каталожния запис | |
| Идентификатор на билиотеката - собственик на записа | BLK |
| 041 ## - Код за език | |
| Код за езика на текст/звукозапис или на отделно заглавие | Български |
| Код за езика КДБФ | Български |
| 080 ## - УДК | |
| Текстов определител УДК | Финансово право. Търговско дело. Митническо право. Данъчно право. Инвестиционни фондове. Борси, търговски посредници, банково дело, кредит, закупуване и др. |
| УДК код - определител по УДК | 347.73 |
| УДК определител | |
| УДК - код + определител | 347.73 |
| 100 1# - Редна дума - Автор | |
| Автор | Димитров, Валери |
| Авторска отговорност | първи автор |
| R(LIN) | 270061 |
| 139 ## - Редно поле | |
| Редна дума | Димитров, Валери |
| Авторски знак | Дими - Д 58 |
| 245 10 - Сведения за заглавието | |
| Заглавие | Въведение в банковото право |
| Подзаглавни данни | Търговската банкова дейност и нейната публичноправна уредба |
| Редно поле (дума) | Валери Димитров. |
| 257 ## - Страна на издаване | |
| Страна на създаване/издаване | България |
| 260 ## - Област на издателските данни | |
| -- | София |
| Име на издателя, разпространителя и проч. | Нова звезда |
| Година на издаване | 1996 |
| 300 ## - Физическа характеристика | |
| Страници | 352 с. |
| Размери/Мащаб | 21 см |
| 380 ## - Жанр | |
| Жанр | Обществени науки |
| 650 #4 - Допълнително описание по предмет – тема | |
| Основно описание – тема или топоним | Банково право |
| 9 (RLIN) | 256425 |
| 653 ## - Ключова дума – ненормативна | |
| Ключова дума | банкови операции |
| 852 ## - Местоположение | |
| Форматна сигнатура | Цб 189701 |
| 856 4# - Електронен адрес и достъп | |
| Електронен формат | pdf - файл |
| Път до файла /url/ | |
| 856 4# - Електронен адрес и достъп | |
| Електронен формат | pdf - файл |
| Път до файла /url/ | |
| 942 ## - АРТИКУЛИ | |
| Вид на библиотечния материал | Книги |
| Скрит в OPAC | Не |
| 944 ## - СЪЗДАВАНЕ И РЕДАКЦИЯ на ЗАПИСА | |
| Създаване/Редакция | Създаване |
| Дата на регистрацията/редакция | 15.01.2003 |
| Служител, извършил регистрацията/редакцията | Наталия_Медовщикова |
| 944 ## - СЪЗДАВАНЕ И РЕДАКЦИЯ на ЗАПИСА | |
| Създаване/Редакция | Редакция |
| Дата на регистрацията/редакция | 21.01.2013 |
| Служител, извършил регистрацията/редакцията | |
| 999 ## - СИСТЕМНИ КОНТРОЛНИ НОМЕРА | |
| Koha biblionumber | 29025 |
| Koha biblioitemnumber | 29025 |
| Код за отписване | Код за изгубен артикул | Източник на класификационната схема | Код за повреда | Коз за рестрикции | Код за отдаване | Артикулен № | Име на библиотеката - собственик | Име на библиотеката, в която се намира в момента | Статус (Текущо местоположение) | Дата на вписване в системата | Местоположение - отдел | Цена в лева | Инвентарен номер | Систематично азбучна сигнатура | Баркод | Номер на екземпляра | Цена в евро | Служебна бележка | Служебен тип на артикула |
|---|---|---|---|---|---|---|---|---|---|---|---|---|---|---|---|---|---|---|---|
| Не е изгубен | Universal Decimal Classification | Не е повреден | без рестрикции | ползва се в читалня | 46651 | Регионална библиотека "Любен Каравелов" Русе | Регионална библиотека "Любен Каравелов" Русе | Хранилище | 2001-01-01 | Основен фонд - ползва се само за читалня | 3.48 | 625198 | Цб 189701 | 120000625198 | 1 | 1.78 | N: стар фонд Дата: 01.01.2001 Дата инв: 04.06.2010 Бележки инв: 2010 | Книги | |
| Изтеглен | Не е изгубен | Universal Decimal Classification | Не е повреден | без рестрикции | заемане за дома | 46652 | Регионална библиотека "Любен Каравелов" Русе | Регионална библиотека "Любен Каравелов" Русе | Заемна - подръчен фонд | 2001-01-01 | Заемна - подръчен фонд | 3.48 | 625199 | П 347/Д 58 | 625199 | 2 | 1.78 | N: стар фонд Дата: 01.01.2001 | Книги |
| Изтеглен | Не е изгубен | Universal Decimal Classification | Не е повреден | без рестрикции | заемане за дома | 46653 | Регионална библиотека "Любен Каравелов" Русе | Регионална библиотека "Любен Каравелов" Русе | Заемна - подръчен фонд | 2001-01-01 | Заемна - подръчен фонд | 3.48 | 625200 | П 347/Д 58 | 625200 | 3 | 1.78 | N: стар фонд Дата: 01.01.2001 | Книги |